LIBRARY ONLINE CATALOGUE

Solid software / (Record no. 2622)

MARC details
000 -LEADER
fixed length control field 00653cam a22002052 4500
001 - CONTROL NUMBER
control field 0000004342
005 - DATE AND TIME OF LATEST TRANSACTION
control field 20151217145804.0
008 - FIXED-LENGTH DATA ELEMENTS--GENERAL INFORMATION
fixed length control field 070522s xx 000 0 eng d
020 ## - INTERNATIONAL STANDARD BOOK NUMBER
International Standard Book Number 0130912980 :
Terms of availability KES 400
040 ## - CATALOGING SOURCE
Original cataloging agency KABU
Transcribing agency KABU
050 #0 - LIBRARY OF CONGRESS CALL NUMBER
Classification number QA76.76
Item number .Q35P45
100 1# - MAIN ENTRY--PERSONAL NAME
Personal name Pfleeger, Shari Lawrence.
-- 0000154851
245 10 - TITLE STATEMENT
Title Solid software /
Statement of responsibility, etc. Shari Lawrence Pfleeger, les Hatton, Charles C. Howell.
260 ## - PUBLICATION, DISTRIBUTION, ETC. (IMPRINT)
Place of publication, distribution, etc. Upper Saddle River, NJ :
Name of publisher, distributor, etc. Prentice Hall,
Date of publication, distribution, etc. 2002.
300 ## - PHYSICAL DESCRIPTION
Extent 315 p.
650 #0 - SUBJECT ADDED ENTRY--TOPICAL TERM
Topical term or geographic name as entry element Computer software
General subdivision Quality control.
-- 0000154802
908 ## - PUT COMMAND PARAMETER (RLIN)
Put command parameter 070522
950 ## - LOCAL HOLDINGS (RLIN)
-- 1
Holdings
Withdrawn status Lost status Source of classification or shelving scheme Not for loan Home library Current library Date acquired Total Checkouts Full call number Barcode Date last seen Price effective from Koha item type
    Library of Congress Classification   Kabarak, Main Campus Kabarak, Main Campus 17/12/2015   QA76.76 .Q35P45 008074 17/12/2015 17/12/2015 General Collection